000 00720nam a2200205 a 4500
001 000048720
005 20201002061345.0
008 190410s2016 dr 000 0 spa d
020 _a9789945167665
040 _aDO-SdBNP
_bspa
_cBNPHU
041 1 7 _aspa
_heng
082 _axx
_bxx
100 1 _aParada, Henry
_976176
245 1 0 _aEvaluation of centres for the integral attention of children in Dominican Republic (CIANIs) :
_ban local community organizations for child protection (LCOCP) /
_cHenry Parada, Susan Silver, Mike Burke.
260 _aSanto Domingo :
_bCONANI,
_c2016.
300 _a285 p. : ;
_c28 cm.
590 _aInventariado, 2019/VM
700 1 _aSilver, Susan
_976177
700 1 _aBurke, Mike
_976178
999 _c48208
_d48208